| 000 | 00710nam a22002057a 4500 | ||
|---|---|---|---|
| 999 |
_c62159 _d62159 |
||
| 005 | 20240724171050.0 | ||
| 008 | 240724s1999 ge ||||| |||| 00| 0 ger d | ||
| 020 | _a9783423033527 X | ||
| 041 | _ager | ||
| 080 | _a821.112.2.09 F-75 | ||
| 100 |
_a Forster, Heinz _922936 |
||
| 245 |
_aDeutsche Literaturgeschichte : _bBand 12: Die Gegenwart 1968 - 1990 / _cRiegel, Paul, Forster, Heinz |
||
| 264 |
_aMünchen : _bDeutscher Taschenbuch Verlag, _c1999. |
||
| 300 |
_a377p.: _b20 cm. |
||
| 440 |
_a Dtv, _922938 |
||
| 653 | _aDeutsche Literaturgeschicht | ||
| 653 | _aგერმანული ლიტერატურის ისტორია | ||
| 700 |
_a Heinz, Forster _922937 |
||
| 942 |
_2udc _cBK |
||